| 000 | 00721nam a22001937a 4500 | ||
|---|---|---|---|
| 005 | 20240530110339.0 | ||
| 008 | 141028s2001 ua o r 000 m ara d | ||
| 040 | _aEG-CaGPL | ||
| 082 | 0 | 4 |
_221 _a818.07\ _bع م |
| 100 | 0 | _aعباس الطرابيلى | |
| 245 | 1 | 0 |
_aمن اقصى الغرب الى اقصى الشرق : _bجولات فى امريكا واوربا والشرق الاقصى واستراليا / _cعباس الطرابيلى |
| 250 | _aط 1 | ||
| 260 |
_aالقاهرة : _bالدار المصرية اللبنانية ، _c2001 |
||
| 300 |
_a240 ص ؛ _c24 سم |
||
| 490 | _aمن ادب الرحلات | ||
| 650 | 0 | 4 | _aادب الرحلات |
| 650 | 0 | 4 | _aالقصص العربية |
| 942 |
_2ddc _cBK |
||
| 999 |
_c59843 _d59843 |
||